000 01022cam a22002894a 4500
001 1213325
003 NUST - PNEC
005 20170116181141.0
008 990302s2000 njua b 001 0 eng
010 _a 99024235
020 _a0139382003
040 _aDLC
_cLIBRARY
_dDLC
042 _apcc
050 0 0 _aTS156.8
_b.J63 2000
082 0 0 _a629.8931 JOH
100 1 _aJohnson, Curtis D.,
_d1939-
245 1 0 _aProcess control instrumentation technology /
_cCurtis D. Johnson.
250 _a6th ed.
260 _aUpper Saddle River, N.J. :
_bPrentice Hall,
_cc2000.
300 _ax, 678 p. :
_bill. ;
_c24 cm.
504 _aIncludes bibliographical references (p. 619) and index.
650 0 _aProcess control.
_xEL, ME
650 0 _aEngineering instruments.
906 _a7
_bcbc
_corignew
_d1
_eocip
_f19
_gy-gencatlg
942 _2ddc
_cBK
999 _c70493
_d70493